Madrid ... or Barcelona? - Statistics

General Stats
  • This quiz has been taken 62 times
  • The average score is 11 of 15
Answer Stats
Question Answer % Correct
Is the capital of Spain Madrid
98%
Is home to the Sagrada Família. Barcelona
95%
Has hosted the Olympics. Barcelona
82%
Has a larger metro system. Madrid
80%
Has a higher elevation. Madrid
80%
The international airport of this city is named after a spanish prime minister. Madrid
79%
Is further north. Barcelona
75%
Lies on the same longitude as Paris. Barcelona
75%
Has more precipitation. Barcelona
71%
The urban area is the largest in Europe beginning with that letter. Barcelona
70%
The most successful football club of this city has won the Champions League 15 times. Madrid
70%
Telefónica is headquartered there. Madrid
68%
Is located closer to the Prime Meridian. Barcelona
64%
Was founded earlier. Barcelona
59%
Has more tourists Madrid
21%
No matching quizzes found
Score Distribution
Percent of People with Each Score
Percentile by Number Answered
Your Score History
You have not taken this quiz